| 000 | 00396nam a2200145Ia 4500 | ||
|---|---|---|---|
| 008 | 230312s9999||||xx |||||||||||||| ||und|| | ||
| 020 | _a8130903067 | ||
| 082 |
_a004.692 _bHAN |
||
| 100 | _aNancy cox | ||
| 245 | 0 | _aElectronic Messaging | |
| 260 |
_bViva _aLondon _c2940 |
||
| 546 | _aEng. | ||
| 650 |
_aEngineering _vElectronic messaging environment, evolving collaborative computing |
||
| 942 | _cBK | ||
| 999 |
_c3538 _d3538 |
||